|
|
|
|
| LEADER |
02345nam a2200613 i 4500 |
| 001 |
nkc20152705535 |
| 003 |
CZ PrNK |
| 005 |
20160122085809.0 |
| 007 |
ta |
| 008 |
150608s2014 xr ach e 001 0 cze |
| 015 |
|
|
|a cnb002705535
|
| 020 |
|
|
|a 978-80-7315-249-9
|q (brožováno)
|
| 035 |
|
|
|a (OCoLC)918013853
|
| 040 |
|
|
|a BOA001
|b cze
|d ABA001
|d OLA001
|e rda
|
| 041 |
0 |
|
|a cze
|b eng
|b ger
|
| 043 |
|
|
|a e-xr---
|b e-xr-mr
|2 czenas
|
| 045 |
|
|
|a w-x4
|
| 072 |
|
7 |
|a 069
|x Muzea. Muzeologie. Muzejnictví. Výstavy
|2 Konspekt
|9 12
|
| 080 |
|
|
|a 069
|2 MRF
|
| 080 |
|
|
|a (=112.2)
|2 MRF
|
| 080 |
|
|
|a (437.32)
|2 MRF
|
| 080 |
|
|
|a (048.8)
|2 MRF
|
| 100 |
1 |
|
|a Kirsch, Otakar,
|d 1976-
|7 mzk2011656376
|4 aut
|
| 245 |
1 |
0 |
|a (Po)zapomenutí nositelé paměti :
|b německé muzejnictví na Moravě /
|c Otakar Kirsch
|
| 246 |
3 |
|
|a Pozapomenutí nositelé paměti
|
| 246 |
3 |
0 |
|a Zapomenutí nositelé paměti
|
| 246 |
3 |
0 |
|a Německé muzejnictví na Moravě
|
| 264 |
|
1 |
|a Brno :
|b Paido,
|c 2014
|
| 300 |
|
|
|a 281 stran :
|b ilustrace, portréty, faksimile ;
|c 23 cm
|
| 336 |
|
|
|a text
|b txt
|2 rdacontent
|
| 337 |
|
|
|a bez média
|b n
|2 rdamedia
|
| 338 |
|
|
|a svazek
|b nc
|2 rdacarrier
|
| 490 |
1 |
|
|a Kultura a edukace ;
|v svazek 3
|
| 500 |
|
|
|a 200 výtisků
|
| 504 |
|
|
|a Obsahuje bibliografie, bibliografické odkazy a rejstříky
|
| 546 |
|
|
|a Anglické a německé resumé
|
| 648 |
|
7 |
|a 19.-20. století
|7 ch757015
|2 czenas
|
| 650 |
0 |
7 |
|a muzejnictví
|7 ph123051
|z Česko
|y 19.-20. století
|2 czenas
|
| 650 |
0 |
7 |
|a muzea
|7 ph115380
|z Česko
|y 19.-20. století
|2 czenas
|
| 650 |
0 |
7 |
|a Němci
|7 ph117943
|z Česko
|y 19.-20. století
|2 czenas
|
| 650 |
0 |
9 |
|a museum management
|z Czechia
|y 19th-20th centuries
|2 eczenas
|
| 650 |
0 |
9 |
|a museums
|z Czechia
|y 19th-20th centuries
|2 eczenas
|
| 650 |
0 |
9 |
|a Germans
|z Czechia
|y 19th-20th centuries
|2 eczenas
|
| 655 |
|
7 |
|a monografie
|7 fd132842
|2 czenas
|
| 655 |
|
9 |
|a monographs
|2 eczenas
|
| 651 |
|
7 |
|a Morava (Česko)
|7 ge130070
|2 czenas
|
| 651 |
|
9 |
|a Moravia (Czechia)
|2 eczenas
|
| 830 |
|
0 |
|a Kultura a edukace
|0 s
|
| 910 |
2 |
|
|a BOA001
|b 2-1348.951
|
| 990 |
|
|
|a BK
|
| 995 |
|
|
|a 01
|
| 991 |
|
|
|b 201507
|c NOV
|e n
|
| 996 |
6 |
|
|b 2610638289
|c 2-1348.951
|l MZK
|r Sklad / do 1 hodiny
|n 14
|p p.v.
|w 001513248
|u 000010
|a 1
|e BOA001
|j MZK50
|s P
|
| 996 |
7 |
|
|b 2610638290
|c 2-1348.951
|l Vol.výběr
|r VV 0p
|n 22
|p p.v.
|h 06 KIR
|w 001513248
|u 000020
|a 0
|e BOA001
|j MZK50
|s A
|